Budoucnost pojišťovnictví: biometrický podpis na scénu!

Biometrický podpis ako prijateľná alternatíva klasického "papierového" podpisu. Kombinuje výhody vlastnoručného podpisu i plnej digitalizácie dokumentov a spĺňa všetky právne požiadavky dané legislatívou Európskej únie. Koncept bezpapierovej kancelárie (paperless office) a náklady ušetrené na papier...

Descrizione completa

Salvato in:
Dettagli Bibliografici
Autore principale: Urban, Vít
Natura: Capitolo di libro
Lingua:ceco
Soggetti:
Tags: Aggiungi Tag
Nessun Tag, puoi essere il primo ad aggiungerne!!

MARC

LEADER 00000naa a2200000 4500
001 0210990
005 20220729111504.3
041 0 |a cze 
044 |a CZ 
245 1 0 |a Budoucnost pojišťovnictví: biometrický podpis na scénu!  |c Vít Urban 
520 |a Biometrický podpis ako prijateľná alternatíva klasického "papierového" podpisu. Kombinuje výhody vlastnoručného podpisu i plnej digitalizácie dokumentov a spĺňa všetky právne požiadavky dané legislatívou Európskej únie. Koncept bezpapierovej kancelárie (paperless office) a náklady ušetrené na papierové dokumenty. 
610 2 0 |a poisťovníctvo 
610 2 0 |a poisťovne 
610 2 0 |a poistníci 
610 2 0 |a poistenie 
610 2 0 |a digitalizácia 
610 2 0 |a zmluvy poistné 
610 2 0 |a podpis elektronický 
610 2 0 |a dokumenty elektronické 
100 1 |a Urban, Vít